• 首页
  • 本馆介绍
  • 公告通知
  • 最新文献
  • 馆藏检索
  • 电子资源
  • 读者导购
  • 参考咨询
  • 我的图书馆
  • 登录
  • 详细信息显示
  • 放入我的书架
  • 预约/预借图书
  • 作者相关作品
  • 分类相关作品
  • 丛书相关作品
  • 出版社相关作品

书目信息

  • 表格格式
  • 工作单格式
  • 卡片格式
题名:
生活的科学
    
 
作者: 阿德勒 著 ;张晓晨 译
分册:  
出版信息: 上海   上海三联书店  2016
页数: 232页
开本: 21cm
丛书名: 阿德勒心理学经典文丛
单 册:
中图分类: B848-49
科图分类:
主题词: 个性心理学--ge xing xin li xue--通俗读物
电子资源:
ISBN: 978-7-5426-5662-9
000 01386nam0 22002891 450
001 1738619088
005 20170627164640.0
010    @a978-7-5426-5662-9@b精装@dCNY29.80
100    @a20170215d2016 em y0chiy50 ea
101 1  @achi@ceng
102    @aCN@b310000
105    @ay z 000yy
106    @ar
200 1  @a生活的科学@9sheng huo de ke xue@dThe science of life@zeng@f(奥)阿尔弗雷德·阿德勒(Alfred Adler)著@g张晓晨译
210    @a上海@c上海三联书店@d2016
215    @a232页@d21cm
225 2  @a阿德勒心理学经典文丛@9a de le xin li xue jing dian wen cong
314    @a阿尔弗雷德·阿德勒 (Alfred Adler) (1870-1937),奥地利精神病学家,个体心理学的创始人,人本主义心理学先驱,现代自我心理学之父。著有《超越自卑》《个体心理学的实践与理论》等经久不衰的心理学经典作品。
330    @a本书作者阿德勒以咨询师的口吻,深入浅出地讲解了个体心理学的相关问题和基本观点。作者结合自己的生活和临床经验,按照个体发展的时间顺序,引导读者认识生命不同阶段的问题及其根源。借此让读者了解自己的家庭、恋爱、婚姻、工作等各方面,同时也更了解我们自己。
461  0 @12001 @a阿德勒心理学经典文丛
510 1  @aScience of life@zeng
606 0  @a个性心理学@9ge xing xin li xue@j通俗读物
690    @aB848-49@v5
701  0 @c(奥)@a阿德勒@9a de le@c(Adler, Alfred@f1870-1937)@4著
702  0 @a张晓晨@9zhang xiao chen@4译
801  0 @aCN@bTANGWEI@c20170626
905    @b1016174-9@dB848-49@e1898@f6
    
    生活的科学=The science of life/(奥)阿尔弗雷德·阿德勒(Alfred Adler)著/张晓晨译.-上海:上海三联书店,2016
    232页;21cm.-(阿德勒心理学经典文丛)
    
    
    ISBN 978-7-5426-5662-9(精装):CNY29.80
    本书作者阿德勒以咨询师的口吻,深入浅出地讲解了个体心理学的相关问题和基本观点。作者结合自己的生活和临床经验,按照个体发展的时间顺序,引导读者认识生命不同阶段的问题及其根源。借此让读者了解自己的家庭、恋爱、婚姻、工作等各方面,同时也更了解我们自己。
●
相关链接 在E读中查询图书 在五车中查询图书 在当当中查询图书 在豆瓣中查询图书


正题名:生活的科学     索取号:B848-49/1898         预约/预借

序号 登录号 条形码 馆藏地/架位号 状态 备注
1 1016174   210161741   第一样本阅览室/ [索取号:B848-49/1898] 在馆    
2 1016175   210161750   教育系资料室/ [索取号:B848-49/1898] 在馆    
3 1016176   210161769   教育系资料室/ [索取号:B848-49/1898] 在馆    
4 1016177   210161778   教育系资料室/ [索取号:B848-49/1898] 在馆    
5 1016178   210161787   第一借阅区/ [索取号:B848-49/1898] 在馆    
6 1016179   210161796   第一借阅区/ [索取号:B848-49/1898] 在馆    
唐山师范学院图书馆 欢迎您!
大连网信软件有限公司© 版权所有